Detalhes MARC
| 000 -Etiqueta do registo |
| campo de controlo de comprimento fixo |
010750000a22003010004500 |
| 001 - Identificador do registo |
| Campo de controlo |
50631 |
| 010 ## - ISBN |
| Número (ISBN) |
972-730-144-4 |
| 021 ## - Nº depósito legal |
| Código do país |
Portugal |
| Número |
147462/2000 |
| 100 ## - Dados Gerais de Proc. |
| Dados gerais de processamento |
20131226d2013 e y0pory5003 ba |
| 101 0# - Língua da publicação |
| Língua do texto, banda sonora, etc. |
Português |
| 102 ## - País de Publicação |
| País de publicação |
Portugal |
| 200 1# - Título |
| Título próprio |
O dragão das mil flores |
| Informação de outro título |
um livro sobre ser diferente |
| Primeira menção de responsabilidade |
trad. Cristina Soeiro |
| 210 ## - Publicação, Distribuição |
| Lugar da edição, distribuição, etc. |
Rio Tinto |
| Nome do editor, distribuidor, etc. |
Marus |
| Data da publicação, distribuição, etc. |
2000 |
| 215 ## - Descrição física |
| Descrição física |
28, [3] p. |
| Outras indicações físicas |
il. |
| Dimensões |
31 cm |
| 225 2# - Colecção |
| Título próprio da colecção |
Biblioteca de valores |
| 327 ## - Nota de conteúdo |
| Texto da nota |
1ºv.: O susto da toupeira marota: um livro sobre a obediência. - 29, [2] p. |
| -- |
2ºv.: A mudança da gatinha egoísta: um livro sobre a partilha de brinquedos. - 32,[2] p. |
| -- |
3ºv.: Jova aprende a lição: um livro sobre a bondade para com os outros. - 29, [2] p. |
| -- |
4ºv.: Tomás no reino dos brinquedos: um livro sobre como cuidar dos nossos brinquedos. - 32, [2] p. |
| -- |
5ºv.: O dragão das mil flores: um livro sobre ser diferente/história e il. Nicoletta Costa. - 28, [3] p. |
| -- |
6ºv.: O dragão rabugento: um livro sobre a amizade. - 29, [2] p. |
| -- |
7ºv.: A aventura do elefante azul: um livro sobre a abertura de espirito. - 29, [2] p. |
| -- |
8ºv.: O segredo do crocodilo Nino: um livro sobre o reconhecimento dos nossos erros. - 29, [2] p. |
| -- |
9ºv.: À procura das estrelas luminosas: um livro sobre a força de vontade. - 29, [2] p. |
| -- |
10ºv.: Uma nova camada de folhas: um livro sobre a aceitação da nossa aparência. - 29, [2] p. |
| -- |
11ºv.: O segredo do nabo gigante: um livro sobre a generosidade e a ganância. - 29, [2] p. |
| -- |
12ºv.: A história da velhinha e das raposas: um livro sobre como ajudar os outros. - 32, [2] p. |
| -- |
13ºv.: A salvação da velha macieira: um livro sobre como cuidar do ambiente. - 29, [2] p. |
| -- |
14ºv.: O castigo das lanternas mágicas: um livro sobre a honestidade. - 29, [2] p. |
| -- |
15ºv.: Quem tirou os meus morangos: um livro sobre o prazer de partilhar. - 29, [2] p. |
| 606 ## - Nome comum |
| Koha Internal code |
2106 |
| Elemento de entrada |
Literatura infantojuivenil |
| Subdivisão de assunto |
Conto |
| 606 ## - Nome comum |
| Koha Internal code |
380 |
| Elemento de entrada |
Auto-estima -- [Publicações infantis] |
| 606 ## - Nome comum |
| Koha Internal code |
3180 |
| Elemento de entrada |
Sociabilidade -- [Publicações infantis] |
| 606 ## - Nome comum |
| Koha Internal code |
688 |
| Elemento de entrada |
Comportamento -- [Publicações infantis] |
| 675 ## - CDU |
| Notação |
21.131.1-34 |
| Edição |
BN |
| Língua da edição |
Português |
| 675 ## - CDU |
| Notação |
17.02 |
| Edição |
BN |
| Língua da edição |
Português |
| 675 ## - CDU |
| Notação |
087.5-053.5 |
| Edição |
BN |
| Língua da edição |
Português |
| 702 #1 - Responsabilidade secundária |
| Koha Internal Code |
43687 |
| Código de função |
Tradutor |
| Palavra de ordem |
Soeiro |
| Outra parte do nome |
Cristina |
| 801 ## - Fonte de origem |
| País |
Portugal |
| Data da última transacção |
20131226 |
| 859 ## - Imagem da capa |
| Uniform Resource Location (URL) |
http://4.bp.blogspot.com/-BofEKbeXdaM/T3DpASBudQI/AAAAAAAAFzU/nxGHN3scF4c/s1600/IMGP6023.JPG |
| Nota informativa |
capa |
| 090 ## - Números de controlo do sistema (Koha) |
| Número biblioitem do Koha (gerado automaticamente) |
50631 |
| 942 ## - Elementos de entrada adicionados (Koha) |
| Tipo de item no Koha |
Monografias |
| Suprimido |
Disponível no OPAC |
| 999 ## - Campo local |
| Campo local |
50631 |